| 000 | 00571nam a22001937a 4500 | ||
|---|---|---|---|
| 005 | 20241011121117.0 | ||
| 010 | _aENG-142056 | ||
| 020 |
_a9789354911163 _c160.00 |
||
| 035 | _aEN-125588 | ||
| 037 | _bDBAD | ||
| 082 |
_a921 _21 |
||
| 100 |
_aBora, Shiela _972668 |
||
| 245 |
_aKanaklata Barua/ _cBy Shiela Bora |
||
| 250 | _a1 | ||
| 260 |
_aNew Delhi _bNational Book Trust, India _c2022(Revised) |
||
| 270 |
_aNehru Bhawan, 5 Institutional Area, Phase-II Vasant Kunj _bNew Delhi _e110070 |
||
| 300 |
_a92p. _c19cm(pb) |
||
| 942 |
_2ddc _cEN _mBOR _h921 |
||
| 999 |
_c206313 _d206313 |
||